| 000 | 00671 a2200229 4500 | ||
|---|---|---|---|
| 001 | 63626 | ||
| 003 | TR-AnTOB | ||
| 005 | 20241129110425.0 | ||
| 008 | 041102b tu tur | ||
| 040 |
_aTR-AnTOB _cTR-AnTOB |
||
| 041 | _atur | ||
| 050 |
_aJOURNAL _bTÜRk |
||
| 090 | _aJOURNAL TÜRk | ||
| 245 | 0 | _aTürk Dünyası Tarih Kültür Dergisi. | |
| 264 | 1 |
_aİstanbul : _bTürk Dünyası Araştırmaları Vakfı. |
|
| 500 | _aKütüphanedeki mevcutlar:217-227,(1-2) 2005.229-240,(3-4)2006. | ||
| 650 |
_aTürkler _xTarih _vSüreli yayınlar _936238 |
||
| 651 |
_aOrta Asya _vSüreli yayınlar _990791 |
||
| 902 | _aJ00127,J001828,J001829,J001823 | ||
| 942 |
_cCR _2lcc |
||
| 999 |
_c63626 _d16636 |
||